Jubileum Botanickej záhrady Univerzity Komenského

Bibliographic Details
Main Author: Kučerová, Andrea (Author)
Format: Article
Language:Slovak

MARC

LEADER 00000nab a2200000ua 4500
001 vtls010811645
003 SK-MaSNL
005 20260303132855.0
008 230218s2012 xo |||||||||||||||||slo|
035 |a (urnnbn)urn:nbn:sk:snk:ar-004gwk 
035 |a urn:nbn:sk:snk-ab5gzv 
035 |a (uuid)2f33e8d0-3a45-4418-998b-127b850407f4 
040 |a SNKBUCL  |b slo  |c SNKBUCL  |e AACR2 
041 0 |a slo 
044 |a xo  |c SK 
100 1 |a Kučerová, Andrea  |4 aut  |9 810636 
245 1 0 |a Jubileum Botanickej záhrady Univerzity Komenského  |c Andrea Kučerová 
773 0 |t Enviromagazín : odborno-náučný časopis o životnom prostredí  |g Roč. 17, č. 1 (2012), s. 4 
954 |a odborná, vedecká literatúra pôvodná (slovenská)  |2 lita 
958 |a OND 
958 |a EUIPO 
958 |a article5 
999 |c 1953821  |d 1955751